| 000 | 00519nam a2200193Ia 4500 | ||
|---|---|---|---|
| 005 | 20250326123434.0 | ||
| 008 | 250326s9999 xx 000 0 und d | ||
| 037 | _aTextbook | ||
| 040 |
_aFMSL _beng _cFMSL |
||
| 041 |
_aeng _2eng |
||
| 084 |
_aX:74y7 P4 _qFMSL |
||
| 100 |
_aHill C W L _9735148 |
||
| 245 | 0 |
_aStrategic management _cHill C W L; Jones G R |
|
| 250 | _a6 | ||
| 260 |
_aNew Delhi _bNew Delhi, Biztantra _c2004 |
||
| 300 | _a693p | ||
| 942 |
_cTB _hX:74y7 P4 |
||
| 999 |
_c1269371 _d1269371 |
||